Flagi państw graniczących z Brazylią - nagła śmierć - Statystyki

Ogólne statystyki
  • Ten quiz został rozwiązany 26 razy
  • Średni wynik to 7 z 10
Answers on the Grid
Answers color-coded by a green-red scale on the quiz's grid according to % correct below.
 
Statystyki odpowiedzi
Odpowiedź % Poprawnych
89%
74%
74%
74%
68%
63%
63%
63%
58%
53%
Nie znaleziono quizów pasujących do podanych kryteriów
Rozkład punktacji
Procent ludzi z każdym wynikiem
Percentyl według liczby udzielonych odpowiedzi
Twoja historia wyników
Nie rozwiązałeś tego quizu